Galakoncert Gustava Porty a Olgy Romanko : středa 15. ledna 2014 v 18.30 hodin v Divadle Antonína Dvořáka /

Korporativní autor: Národní divadlo moravskoslezské. Opera
Další autoři: Jäger, Daniel, Divadlo Antonína Dvořáka (Ostrava, Česko)
Jazyk: Čeština
Vydáno: Ostrava : Národní divadlo moravskoslezské, [2014]
Témata:
Fyzický popis: [6] s. : il. (převážně barev.), portréty ; 30 cm
Knihy
Uloženo v:
LEADER 02273nam a2200541 a 4500
001 nkc20142539672
003 CZ PrNK
005 20161107100413.0
007 ta
008 140114s2014 xr ac e 000 0 cze
020 |a 978-80-87650-39-4  |q (skládanka) 
040 |a OLA001  |b cze 
043 |a e-it---  |a e-xr---  |b e-xr-mo  |2 czenas 
045 |a y1y1 
072 7 |a 782  |x Divadelní hudba. Opera, opereta, muzikál  |2 Konspekt  |9 9 
072 7 |a 785  |x Instrumentální hudba. Symfonická hudba. Hudba pro více nástrojů  |2 Konspekt  |9 9 
080 |a 78.091  |2 MRF 
080 |a 782.086.1  |2 MRF 
080 |a 784.2  |2 MRF 
080 |a (450)  |2 MRF 
080 |a (437.326)  |2 MRF 
080 |a (083.97)  |2 MRF 
245 0 0 |a Galakoncert Gustava Porty a Olgy Romanko :  |b středa 15. ledna 2014 v 18.30 hodin v Divadle Antonína Dvořáka /  |c [program připravil Daniel Jäger] 
260 |a Ostrava :  |b Národní divadlo moravskoslezské,  |c [2014] 
300 |a [6] s. :  |b il. (převážně barev.), portréty ;  |c 30 cm 
500 |a Nad názvem: Národní divadlo Moravskoslezské, opera 
610 2 7 |a Divadlo Antonína Dvořáka (Ostrava, Česko)  |7 kn20010709303  |2 czenas 
648 7 |a 19.-20. století  |7 ch757015  |2 czenas 
648 7 |a 2011-2020  |7 ch460589  |2 czenas 
648 7 |a 2014  |7 ch967317  |2 czenas 
650 0 7 |a koncerty  |7 ph121790  |z Česko  |y 2011-2020  |2 czenas 
650 0 7 |a operní předehry  |7 ph291741  |z Itálie  |y 19.-20. století  |2 czenas 
650 0 7 |a operní árie  |7 ph291740  |z Itálie  |y 19.-20. století  |2 czenas 
650 0 9 |a concerts  |z Czechia  |y 2011-2020  |2 eczenas 
650 0 9 |a opera overtures  |z Italy  |y 19th-20th centuries  |2 eczenas 
650 0 9 |a opera arias  |z Italy  |y 19th-20th centuries  |2 eczenas 
651 7 |a Ostrava (Česko)  |7 ge128537  |2 czenas 
651 9 |a Ostrava (Czechia)  |2 eczenas 
655 7 |a divadelní programy  |7 fd132033  |2 czenas 
655 9 |a playbills  |2 eczenas 
700 1 |a Jäger, Daniel  |7 xx0039797  |4 edt 
710 2 |a Národní divadlo moravskoslezské.  |b Opera  |7 kn20120605013 
710 2 |a Divadlo Antonína Dvořáka (Ostrava, Česko)  |7 kn20010709303 
910 2 |a BOA001  |b 4-1322.368 
990 |a BK 
995 |a 11 
991 |b 201403  |c NOV  |e n 
996 6 |b 2610582211  |c 4-1322.368  |l MZK  |r Sklad / do 1 hodiny  |n 0  |p p.v.  |w 001403419  |u 000010  |a 1  |e BOA001  |j MZK50  |s P